FarmKids : Hair, wool, feathers and fur (Record no. 267582)
[ view plain ]
| 000 -LEADER | |
|---|---|
| fixed length control field | 04825ngm a2200973Ka 4500 |
| 001 - CONTROL NUMBER | |
| control field | ocn185041763 |
| 003 - CONTROL NUMBER IDENTIFIER | |
| control field | OCoLC |
| 005 - DATE AND TIME OF LATEST TRANSACTION | |
| control field | 20231130122343.0 |
| 007 - PHYSICAL DESCRIPTION FIXED FIELD--GENERAL INFORMATION | |
| fixed length control field | vd cvaizu |
| 008 - FIXED-LENGTH DATA ELEMENTS--GENERAL INFORMATION | |
| fixed length control field | 071227s2008 cau072 j vaeng d |
| 020 ## - INTERNATIONAL STANDARD BOOK NUMBER | |
| Terms of availability | 9.95 |
| 024 1# - OTHER STANDARD IDENTIFIER | |
| Standard number or code | 810863010302 |
| 024 1# - OTHER STANDARD IDENTIFIER | |
| Standard number or code | 00810863010302 |
| 028 42 - PUBLISHER NUMBER | |
| Publisher number | 1030 |
| Source | Porchlight Entertainment |
| 029 1# - (OCLC) | |
| OCLC library identifier | QBX |
| System control number | qbi08000879 |
| 035 ## - SYSTEM CONTROL NUMBER | |
| System control number | (OCoLC)185041763 |
| 037 ## - SOURCE OF ACQUISITION | |
| Source of stock number/acquisition | Midwest Tape |
| Note | http://www.midwesttapes.com |
| 040 ## - CATALOGING SOURCE | |
| Original cataloging agency | TEFMT |
| Transcribing agency | TEFMT |
| Modifying agency | TEF |
| -- | JP3 |
| -- | BTCTA |
| -- | QBX |
| -- | WACOL |
| Description conventions | |
| 049 ## - LOCAL HOLDINGS (OCLC) | |
| Holding library | WACL |
| 050 14 - LIBRARY OF CONGRESS CALL NUMBER | |
| Classification number | PN1992.8.A58 |
| Item number | F3765537 2008 |
| 050 14 - LIBRARY OF CONGRESS CALL NUMBER | |
| Classification number | PZ7 |
| Item number | .F3755 2008 |
| 082 04 - DEWEY DECIMAL CLASSIFICATION NUMBER | |
| Classification number | 791.45/75 |
| Edition number | 22 |
| 082 04 - DEWEY DECIMAL CLASSIFICATION NUMBER | |
| Classification number | 791.45/72 |
| Edition number | 22 |
| 092 ## - LOCALLY ASSIGNED DEWEY CALL NUMBER (OCLC) | |
| Classification number | EDVD |
| Item number | Far |
| 245 00 - TITLE STATEMENT | |
| Title | FarmKids : Hair, wool, feathers and fur |
| 246 30 - VARYING FORM OF TITLE | |
| Title proper/short title | Hair, wool, feathers and fur |
| 260 ## - PUBLICATION, DISTRIBUTION, ETC. (IMPRINT) | |
| Place of publication, distribution, etc | [Los Angeles, CA] : |
| Name of publisher, distributor, etc | Porchlight Entertainment, |
| Date of publication, distribution, etc | [2008] |
| 264 ## - Production, Publication, Distribution, Manufacture, and Copyright Notice. | |
| Place of production, publication, distribution, manufacture | [Los Angeles, CA] : |
| Name of producer, publisher, distributor, manufacturer | produced by Andrew Gibson, Jill Pattinson, Scott Strahan ; written by Scott Strahan ; directed by Sorin Oancea. |
| Date of production, publication, distribution, manufacture, or copyr | [2008] |
| 300 ## - PHYSICAL DESCRIPTION | |
| Extent | 1 videodisc (72 min.) : |
| Other physical details | sd., col. ; |
| Dimensions | 4 3/4 in. |
| 500 ## - GENERAL NOTE | |
| General note | Title from container. |
| 500 ## - GENERAL NOTE | |
| General note | Originally broadcast on television in 2007. |
| 500 ## - GENERAL NOTE | |
| General note | Contains 6 episodes from the series. |
| 505 0# - FORMATTED CONTENTS NOTE | |
| Formatted contents note | Episode 8: Bad TV -- Episode 9: Bean and gone -- Episode 10: Little farm of horrors -- Episode 11: Splat is back -- Episode 12: The old rooster and the sea -- Episode 13: The legend of One Eyed Jack. |
| 508 ## - CREATION/PRODUCTION CREDITS NOTE | |
| Creation/production credits note | Art director, Jase Harper ; editor, Bree Kettley ; music, Cliff Bradley. |
| 511 0# - PARTICIPANT OR PERFORMER NOTE | |
| Participant or performer note | Voices: Louise Brehmer, Andre Buchanan, Liz Buchanan, John Harmon, Warren Humphreys, Tiffany Lamb, Todd Levi, Danny Murphy, Bryan Probets, Scott Strahan. |
| 520 ## - SUMMARY, ETC. | |
| Summary, etc | A group of city animals live a pampered life in a popular petting zoo. Their lives are suddenly turned upside down when they are relocated to a dude ranch. Poppit finds an old TV, turning the gang into couch potato TV zombies. Bean, the youngest of the group always seems to be in the way, but when he disappears, he wonders how long it will take for anyone to notice. Poppit's entry into the Pumpkin Contest is ridiculed and rejected. When the grumpy Splat mistakenly listens to a self help tape while she is sleeping, she wakes as a new person. Doogie and Dumpster make an attempt at fishing where Drumstick once landed a legendary fish. While out camping the gang exchanges scary stories around the campfire. |
| 521 8# - TARGET AUDIENCE NOTE | |
| Target audience note | Not rated. |
| 538 ## - SYSTEM DETAILS NOTE | |
| System details note | DVD. |
| 650 #0 - SUBJECT ADDED ENTRY--TOPICAL TERM | |
| Topical term or geographic name as entry element | Petting zoos |
| Form subdivision | Juvenile films. |
| 9 (RLIN) | 6476273 |
| 650 #0 - SUBJECT ADDED ENTRY--TOPICAL TERM | |
| Topical term or geographic name as entry element | Dude ranches |
| Form subdivision | Juvenile films. |
| 9 (RLIN) | 6476274 |
| 650 #0 - SUBJECT ADDED ENTRY--TOPICAL TERM | |
| Topical term or geographic name as entry element | Television addiction |
| Form subdivision | Juvenile films. |
| 9 (RLIN) | 6476275 |
| 650 #0 - SUBJECT ADDED ENTRY--TOPICAL TERM | |
| Topical term or geographic name as entry element | Self-help techniques |
| Form subdivision | Juvenile films. |
| 9 (RLIN) | 6476276 |
| 650 #1 - SUBJECT ADDED ENTRY--TOPICAL TERM | |
| Topical term or geographic name as entry element | Petting zoos |
| Form subdivision | Drama. |
| 9 (RLIN) | 6476277 |
| 650 #1 - SUBJECT ADDED ENTRY--TOPICAL TERM | |
| Topical term or geographic name as entry element | Dude ranches |
| Form subdivision | Drama. |
| 9 (RLIN) | 6475571 |
| 650 #1 - SUBJECT ADDED ENTRY--TOPICAL TERM | |
| Topical term or geographic name as entry element | Television addiction |
| Form subdivision | Drama. |
| 9 (RLIN) | 6476278 |
| 650 #1 - SUBJECT ADDED ENTRY--TOPICAL TERM | |
| Topical term or geographic name as entry element | Self-help techniques |
| Form subdivision | Drama. |
| 9 (RLIN) | 6476279 |
| 650 #8 - SUBJECT ADDED ENTRY--TOPICAL TERM | |
| Topical term or geographic name as entry element | Petting zoos |
| Form subdivision | Juvenile films. |
| 9 (RLIN) | 6476280 |
| 650 #8 - SUBJECT ADDED ENTRY--TOPICAL TERM | |
| Topical term or geographic name as entry element | Dude ranches |
| Form subdivision | Juvenile films. |
| 9 (RLIN) | 6476281 |
| 650 #8 - SUBJECT ADDED ENTRY--TOPICAL TERM | |
| Topical term or geographic name as entry element | Television addiction |
| Form subdivision | Juvenile films. |
| 9 (RLIN) | 6476282 |
| 650 #8 - SUBJECT ADDED ENTRY--TOPICAL TERM | |
| Topical term or geographic name as entry element | Self-help techniques |
| Form subdivision | Juvenile films. |
| 9 (RLIN) | 6476283 |
| 655 #7 - INDEX TERM--GENRE/FORM | |
| Genre/form data or focus term | Fantasy |
| Form subdivision | Animation |
| -- | Television series. |
| Source of term | migfg |
| 9 (RLIN) | 5708636 |
| 655 #7 - INDEX TERM--GENRE/FORM | |
| Genre/form data or focus term | Adventure |
| Form subdivision | Animation |
| -- | Television series. |
| Source of term | migfg |
| 9 (RLIN) | 5708637 |
| 655 #7 - INDEX TERM--GENRE/FORM | |
| Genre/form data or focus term | Children's |
| Form subdivision | Animation |
| -- | Television series. |
| Source of term | migfg |
| 9 (RLIN) | 5714204 |
| 655 #7 - INDEX TERM--GENRE/FORM | |
| Genre/form data or focus term | Animal |
| Form subdivision | Animation |
| -- | Television series. |
| Source of term | migfg |
| 9 (RLIN) | 6368188 |
| 655 #7 - INDEX TERM--GENRE/FORM | |
| Genre/form data or focus term | Television serials. |
| Source of term | migfg |
| 9 (RLIN) | 5844720 |
| 655 #7 - INDEX TERM--GENRE/FORM | |
| Genre/form data or focus term | Animated television programs. |
| Source of term | gsafd |
| 9 (RLIN) | 5844721 |
| 655 #7 - INDEX TERM--GENRE/FORM | |
| Genre/form data or focus term | Fantasy television programs. |
| Source of term | gsafd |
| 9 (RLIN) | 102697 |
| 655 #7 - INDEX TERM--GENRE/FORM | |
| Genre/form data or focus term | Adventure television programs. |
| Source of term | gsafd |
| 9 (RLIN) | 102632 |
| 655 #0 - INDEX TERM--GENRE/FORM | |
| Genre/form data or focus term | Television programs for children |
| Geographic subdivision | Australia. |
| 9 (RLIN) | 6476284 |
| 655 #0 - INDEX TERM--GENRE/FORM | |
| Genre/form data or focus term | Animated television programs |
| Geographic subdivision | Australia. |
| 9 (RLIN) | 6476285 |
| 655 #0 - INDEX TERM--GENRE/FORM | |
| Genre/form data or focus term | Children's films. |
| 9 (RLIN) | 5674336 |
| 655 #0 - INDEX TERM--GENRE/FORM | |
| Genre/form data or focus term | Fiction television programs. |
| 9 (RLIN) | 5673656 |
| 655 #0 - INDEX TERM--GENRE/FORM | |
| Genre/form data or focus term | Television programs. |
| 9 (RLIN) | 5844724 |
| 655 #1 - INDEX TERM--GENRE/FORM | |
| Genre/form data or focus term | Animated television programs. |
| 9 (RLIN) | 5844721 |
| 655 #1 - INDEX TERM--GENRE/FORM | |
| Genre/form data or focus term | Fiction television programs. |
| 9 (RLIN) | 5673656 |
| 655 #1 - INDEX TERM--GENRE/FORM | |
| Genre/form data or focus term | Television programs. |
| 9 (RLIN) | 5844724 |
| 700 1# - ADDED ENTRY--PERSONAL NAME | |
| Personal name | Gibson, Andrew. |
| 9 (RLIN) | 5843999 |
| 700 1# - ADDED ENTRY--PERSONAL NAME | |
| Personal name | Pattinson, Jill. |
| 9 (RLIN) | 5844000 |
| 700 1# - ADDED ENTRY--PERSONAL NAME | |
| Personal name | Strahan, Scott. |
| 9 (RLIN) | 5844001 |
| 700 1# - ADDED ENTRY--PERSONAL NAME | |
| Personal name | Oancea, Sorin. |
| 9 (RLIN) | 5844002 |
| 700 1# - ADDED ENTRY--PERSONAL NAME | |
| Personal name | Brehmer, Louise. |
| 9 (RLIN) | 5844003 |
| 700 1# - ADDED ENTRY--PERSONAL NAME | |
| Personal name | Buchanan, Andrew. |
| 9 (RLIN) | 5844004 |
| 700 1# - ADDED ENTRY--PERSONAL NAME | |
| Personal name | Buchanan, Liz. |
| 9 (RLIN) | 5844005 |
| 700 1# - ADDED ENTRY--PERSONAL NAME | |
| Personal name | Harmon, John. |
| 9 (RLIN) | 5844006 |
| 700 1# - ADDED ENTRY--PERSONAL NAME | |
| Personal name | Humphreys, Warren. |
| 9 (RLIN) | 5844007 |
| 700 1# - ADDED ENTRY--PERSONAL NAME | |
| Personal name | Lamb, Tiffany. |
| 9 (RLIN) | 5844008 |
| 700 1# - ADDED ENTRY--PERSONAL NAME | |
| Personal name | Levi, Todd. |
| 9 (RLIN) | 5844009 |
| 700 1# - ADDED ENTRY--PERSONAL NAME | |
| Personal name | Murphy, Danny. |
| 9 (RLIN) | 5844010 |
| 700 1# - ADDED ENTRY--PERSONAL NAME | |
| Personal name | Probets, Bryan. |
| 9 (RLIN) | 5844011 |
| 710 2# - ADDED ENTRY--CORPORATE NAME | |
| Corporate name or jurisdiction name as entry element | PorchLight Entertainment (Firm) |
| 9 (RLIN) | 65217 |
| 730 0# - ADDED ENTRY--UNIFORM TITLE | |
| Uniform title | FARMkids (Television program) |
| 9 (RLIN) | 5753768 |
| 942 ## - ADDED ENTRY ELEMENTS (KOHA) | |
| Koha item type | DVD |
| Source of classification or shelving scheme | Dewey Decimal Classification |
| 948 ## - LOCAL PROCESSING INFORMATION (OCLC); SERIES PART DESIGNATOR (RLIN) | |
| Series part designator, SPT (RLIN) | 06/25/2008 |
| z (OCLC) | Sirsi |
| Withdrawn status | Lost status | Source of classification or shelving scheme | Damaged status | Not for loan | Collection code | Home library | Current library | Shelving location | Date acquired | Source of acquisition | Cost, normal purchase price | Total Checkouts | Total Renewals | Full call number | Barcode | Date last seen | Date checked out | Cost, replacement price | Price effective from | Koha item type |
|---|---|---|---|---|---|---|---|---|---|---|---|---|---|---|---|---|---|---|---|---|
| Dewey Decimal Classification | Children Movies | Wasatch County Library | Wasatch County Library | Audio Visual Area | 06/25/2008 | Amazon | 9.95 | 168 | 14 | E DVD Far | 34301001613639 | 01/23/2025 | 06/12/2023 | 9.95 | 03/20/2020 | DVD |
